[Event "Silver Lake op-B"]
[Site "Veliko Gradiste"]
[Date "2018.06.22"]
[Round "7"]
[White "Ristic, Luka"]
[Black "Petrovic, Nikola H"]
[Result "1/2-1/2"]
[WhiteElo "1868"]
[BlackElo "2025"]
[PlyCount "88"]
[EventDate "2018.06.17"]
[EventType "swiss"]
[EventRounds "9"]
[EventCountry "SRB"]
[SourceTitle "EXT 2019"]
[Source "ChessBase"]
[SourceDate "2018.10.10"]
[SourceVersion "1"]
[SourceVersionDate "2018.10.10"]
[SourceQuality "1"]

1. e4 e5 2. Nf3 d6 3. Bc4 Be7 4. 0-0 Nf6 5. Nc3 0-0 6. d4 exd4 7. Nxd4 Re8 8. Re1 c6 9. a4 a5 10. h3 h6 11. Be3 Bf8 12. Qf3 Nbd7 13. Qg3 Nxe4 14. Nxe4 Rxe4 15. Bd3 Re8 16. Nf5 Kh8 17. Nxd6 Bxd6 18. Qxd6 Re6 19. Qd4 Qe7 20. Rad1 Nf6 21. Bf5 Re5 22. Qd8+ Qe8 23. Qxe8+ Rxe8 24. Bxc8 Raxc8 25. c4 Re4 26. Bd4 Rce8 27. Rxe4 Rxe4 28. b3 Kg8 29. Bxf6 gxf6 30. Rd7 b5 31. axb5 cxb5 32. cxb5 Rb4 33. Rb7 Rxb3 34. b6 a4 35. Ra7 a3 36. b7 Kg7 37. Rxa3 Rxb7 38. Rg3+ Kh7 39. Kh2 Rb5 40. Rd3 h5 41. g4 hxg4 42. hxg4 Kg6 43. Kg3 f5 44. Rd6+ f6 1/2-1/2

[Event "Vojvodina-ch 7th"]
[Site "Novi Sad"]
[Date "2016.07.15"]
[Round "1"]
[White "Kumic, Filip"]
[Black "Petrovic, Nikola H"]
[Result "1/2-1/2"]
[WhiteElo "2312"]
[BlackElo "1919"]
[PlyCount "142"]
[EventDate "2016.07.15"]
[EventType "swiss"]
[EventRounds "9"]
[EventCountry "YUG"]
[SourceTitle "CBM 173 Extra"]
[Source "ChessBase"]
[SourceDate "2016.08.29"]
[SourceVersion "1"]
[SourceVersionDate "2016.08.29"]
[SourceQuality "1"]

1. Nf3 Nf6 2. g3 g6 3. b3 Bg7 4. Bb2 d5 5. Bg2 0-0 6. c4 c6 7. 0-0 Bg4 8. Qc1 Nbd7 9. h3 Bxf3 10. Bxf3 e5 11. d3 Re8 12. Bg2 e4 13. cxd5 cxd5 14. dxe4 Nxe4 15. Bxg7 Kxg7 16. Nd2 Ndf6 17. Qb2 Kg8 18. Nxe4 Nxe4 19. Rfd1 Qb6 20. e3 Qe6 21. Qd4 Qf5 22. Rf1 Rec8 23. g4 Qe6 24. Rac1 Rc6 25. Rxc6 Qxc6 26. Bxe4 dxe4 27. Rd1 Qc2 28. Rd2 Qc1+ 29. Rd1 Qc2 30. Qd2 Rc8 31. Kg2 Kg7 32. Qd4+ Kg8 33. Rd2 Qc1 34. Qd7 Qc7 35. Rd4 a5 36. Qxc7 Rxc7 37. Rxe4 Rc2 38. Re8+ Kg7 39. a4 Rb2 40. Re5 Rxb3 41. Rxa5 Ra3 42. Kf3 b5 43. Rxb5 Rxa4 44. Rd5 h6 45. Kg3 Rb4 46. h4 Ra4 47. h5 g5 48. Rd8 Ra3 49. Re8 Rb3 50. Kf3 Ra3 51. Ke4 Ra4+ 52. Kf5 Ra5+ 53. Re5 Ra2 54. f4 gxf4 55. exf4 Rh2 56. Ke4 Rh4 57. Kf3 Rh3+ 58. Kg2 Rh4 59. Kg3 Rh1 60. Re2 Rg1+ 61. Rg2 Rh1 62. Rh2 Rg1+ 63. Kf3 Rf1+ 64. Ke4 Kf6 65. Rg2 Re1+ 66. Kf3 Rf1+ 67. Ke3 Rh1 68. g5+ Kg7 69. g6 Rxh5 70. gxf7+ Kxf7 71. Ke4 Ra5 1/2-1/2